Coastline Countries Bordering Landlocked Countries - Statistics

General Stats
  • This quiz has been taken 52 times
    43 since last reset
  • The average score is 53 of 55
Answer Stats
Country % Correct
Albania
100%
Argentina
100%
Bosnia and Herzegovina
100%
Brazil
100%
Chile
100%
Côte d’Ivoire
100%
Ghana
100%
Iran
100%
Italy
100%
Libya
100%
Mozambique
100%
Peru
100%
Poland
100%
South Africa
100%
Spain
100%
Vietnam
100%
Algeria
97%
Angola
97%
Cambodia
97%
Cameroon
97%
China
97%
France
97%
Georgia
97%
Greece
97%
India
97%
Nigeria
97%
Russia
97%
Senegal
97%
Somalia
97%
Togo
97%
Turkey
97%
Belgium
94%
Benin
94%
Bulgaria
94%
Croatia
94%
Djibouti
94%
Eritrea
94%
Kenya
94%
Latvia
94%
Mauritania
94%
Montenegro
94%
Namibia
94%
Pakistan
94%
Romania
94%
Slovenia
94%
Tanzania
94%
Thailand
94%
Democratic Republic of the Congo
91%
Guinea
91%
Lithuania
91%
Myanmar
91%
Republic of the Congo
91%
Sudan
91%
Ukraine
91%
Germany
82%
No matching quizzes found
Score Distribution
Percent of People with Each Score
Percentile by Number Answered
Your Score History
You have not taken this quiz since the last reset